Súčasný stav a prognózy využitia UGC obsahu v marketingovej stratégii firmy diplomová práca

Salvato in:
Dettagli Bibliografici
Autore principale: Masarovič, Kristián
Ente Autore: Obchodná fakulta EU. Katedra marketingu
Altri autori: Kuchta, Martin, 1990-
Natura: Libro
Lingua:slovacco
Pubblicazione: Bratislava 2025
Tags: Aggiungi Tag
Nessun Tag, puoi essere il primo ad aggiungerne!!

MARC

LEADER 00000nbm a2200000 4500
001 0310252
005 20251104120946.9
041 0 |a slo 
044 |a SK 
245 1 0 |a Súčasný stav a prognózy využitia UGC obsahu v marketingovej stratégii firmy  |b diplomová práca  |c Kristián Masarovič ; školiteľ: Martin Kuchta 
264 1 |a Bratislava  |c 2025 
300 |a 96 s. 
100 1 |a Masarovič, Kristián 
700 1 |a Kuchta, Martin, 1990- 
710 2 |a Obchodná fakulta EU. Katedra marketingu